000 00487nam a2200181Ia 4500
001 2285
005 20260306144755.0
008 260306t2017||||xx |||||||||||||| ||spa||
041 _aESP
082 _a616.855
_bM42
100 _aMendoza Lara, Elvira
_eAUT
245 0 _aTrastorno especĂ­fico del lenguaje (TEL):
_bavances en el estudio de un trastorno invisible
260 _c2017
300 _a354 páginas :
_c24 cm.
650 _aGEN
654 _aCPS
942 _cLIB
_dJUS
_fJUS
_2ddc
_n
999 _c2285
_d2285